01147nac a22002897a 4500001001000000003000900010005001700019008003400036040005400070072000800124090001800132100002200150110008900172245008000261246007700341260003800418300001000456490010000466500001200566650000900578650002300587650002000610909004700630942001700677999001900694952014400713BR8501898BR-BrBNA20240105120300.0230509b bl.|||m| |||| 00| 0 por d aBR-BrBNAbporcBiblioteca Nacional de Agricultura aP36 aP36 BR85018981 aAlvarenga, M.I.N.1 aUnidade de Execucao de Pesquisa de Ambito Estadual de Rio Branco, AC (Brasil)9103761 aConsideracoes sobre o uso racional dos solos da Amazonia Ocidental [Brasil]1 a[Consideration on the rational use of the western Amazon soils [Brazil]]3 aRio Branco, AC (Brasil): c1985.  a32 p. aDocumentos - Unidade de Execucao de Pesquisa de Ambito Estadual de Rio Branco (Brazil)vno. 7x a14 ref. aSOLO aAMAZONIA OCIDENTAL aRECURSO DO SOLO a202312bLúcia Elandec55dLúcia Elande 2AGRISn0cMS c278661d278661 002AGRIS40708Acervo Gerala41918b41918cAGROBASEl0oP36 BR8501898pP36 BR8501898r2023-12-18yMSePortaria Interministerial nº 164/94